000 00369 a2200157 4500
001 170915
020 _a
040 _cMagnum
100 _aParker, Steve
240 1 0 _aColecao o corpo humano: o ouvido e a audicao
_lpor
245 1 0 _aColecao o corpo humano: o ouvido e a audicao
362 0 _a1899
440 1 _aScipione
697 _aPARADIDATICOS
942 _cBK
999 _c170915
_d170915